| 000 | 02691nam1a22003731 4500 | ||
|---|---|---|---|
| 001 | RU\NLR\A2\4575 | ||
| 005 | 20251214183044.0 | ||
| 035 | _a(NLR Aleph) 009858095 | ||
| 090 |
_a10373543 _c10373543 |
||
| 100 | _a20251214 rusy50 | ||
| 101 | 0 | _ager | |
| 102 | _aRU | ||
| 200 | 1 | _aHerrn Johann Peter Falk Professors der Kräuterkunde beym Garten des Russisch-Kayserl. Medizinischen Kollegiums, auch Mitgliedes der Freyen Oekonomischen Societät in St. Petersburg, Beyträge zur topographischen Kenntniss des Russischen Reichs | |
| 210 |
_aSt. Petersburg [St.- Peterburg] _cGedruckt bey der Kayserl. Akademie der Wissenschaften _d1785-1786 |
||
| 215 | _d4° | ||
| 306 | _aВ конце предисл. подпись изд.: St. Petersburg, den 9. April 1785. J.G. Georgi | ||
| 317 |
_aЭкз. из б-ки Эрмитажа _513.3.5.54 |
||
| 321 | 1 | _aСК XVIII(ин.) 943 | |
| 463 | 0 |
_1001RU\NLR\A2\4572 _913487894 _d1785 _p[8], XII, 402 с., [7] л. ил., карт. _tHerrn Johann Peter Falk Professors der Kräuterkunde beym Garten des Russisch-Kayserl. Medizinischen Kollegiums, auch Mitgliedes der Freyen Oekonomischen Societät in St. Petersburg, Beyträge zur topographischen Kenntniss des Russischen Reichs. - Welcher die Geschichte seiner Reise von den Jahren 1768 bis 1773 und Beyträge zur physikalischen und politischen Erdbeschreibung etc. enthält |
|
| 463 | 0 |
_1001RU\NLR\A2\4573 _913487895 _d1786 _oMit Kupfern _pVI, 282 с., [17] л. ил. _tHerrn Johann Peter Falk Professors der Kräuterkunde beym Garten des Russisch-Kayserl. Medizinischen Kollegiums, auch Mitgliedes der Freyen Oekonomischen Societät in St. Petersburg, Beyträge zur topographischen Kenntniss des Russischen Reichs. - Welcher Beyträge zur Mineral- und Pflanzengeschichte enthält |
|
| 463 | 0 |
_1001RU\NLR\A2\4574 _913487896 _d1786 _oMit Kupfern _p[4], 283-584, XXXV с., [22] л. ил. _tHerrn Johann Peter Falk Professors der Kräuterkunde beym Garten des Russisch-Kayserl. Medizinischen Kollegiums, auch Mitgliedes der Freyen Oekonomischen Societät in St. Petersburg, Beyträge zur topographischen Kenntniss des Russischen Reichs. - Welcher Beyträge zur Thierkenntniss und Völkerbeschreibung enthält |
|
| 517 | 1 | _aBeyträge zur topographischen Kenntniss des Russischen Reichs | |
| 620 | _dSt.- Peterburg | ||
| 700 | 1 |
_aFalk _bJ.P. _f1727-1774 _gJohann Peter _4070 |
|
| 702 | 1 |
_aGeorgi _bJ.G. _f1729-1801 _gJohann Gottlieb _4650 |
|
| 712 | 0 | 2 |
_aAkademie der Wissenschaften _cPetersburg _bDruckerei _4610 |
| 801 | 0 |
_aRU _bNLR _c19970130 |
|
| 852 |
_aNLR _bRossica _j13.3.5.54 |
||
| 852 |
_aNLR _jГ21 A-7/2 |
||
| 942 | _cBOOK | ||
| 980 | _aNB | ||
| 980 | _aRossica | ||
| 980 | _ain18 | ||